000 00560nam a2200181 a 4500
001 12321
003 CO-ViMGA
008 141112s2004 ck r 000 u spa d
040 _aCO-ViMGA
_bspa
_cCO-ViMGA
082 0 4 _a160 M37d
100 1 _aMerani, Alberto
_950680
245 1 0 _aLa Dialectica en Psicologia :
_bInteligencia y vida
260 _aMexico,
_cGrijalbo,
_c1968
300 _a159p.
590 _aForma de adquisición : DONACION - - Proveedor : RAFAEL SALAMANCA - - Fecha de adquisición : 31 - 01 - 2001
650 1 4 _aDIALECTICA
942 _2ddc
_cBK
999 _c23331
_d23331